Logo BPK

Biblioteka

Politechniki Koszalińskiej

Kompleksowa ocena i stabilizacja podstawowych właściwości technologicznych klasycznych mas formierskich / (Rekord nr 53655)

Szczegóły MARC
000 -ETYKIETA REKORDU
podpole kontrolne o stałej długości 00772nam a2200229 i 4500
001 - NUMER KONTROLNY REKORDU
pole kontrolne bg
015 ## - NUMER BIBLIOGRAFII NARODOWEJ
Numer bibliografii narodowej PB 15227/2006
020 ## - MIĘDZYNARODOWY ZNORMALIZOWANY NUMER KSIĄŻKI - ISBN
ISBN 8374810157
040 ## - ŹRÓDŁO KATALOGOWANIA
Instytucja, która utworzyła rekord BPK
041 0# - KOD JĘZYKA
Kod języka tekstu pol
Kod języka streszczenia lub abstraktu eng
080 ## - UNIWERSALNA KLASYFIKACJA DZIESIĘTNA - UKD
UKD 621.74
920 ## - Międzynarodowy znormalizowany numer książki – ISBN
ISBN 83-7481-015-7
008 - POLE O STAŁEJ DŁUGOŚCI - DANE KONTROLNE
podpole kontrolne o stałej długości s pl f |000 0 pol
100 1# - NAZWA OSOBOWA
Nazwa osobowa MICHTA-STAWIARSKA, Teresa
245 10 - TYTUŁ/ODPOWIEDZIALNOŚĆ
Tytuł Kompleksowa ocena i stabilizacja podstawowych właściwości technologicznych klasycznych mas formierskich /
Pozostałe elementy strefy tytułu i oznaczenia odpowiedzialności Teresa Michta-Stawiarska ; Uniwersytet Zielonogórski.
260 ## - STREFA ADRESU WYDAWNICZEGO
Miejsce wydania Zielona Góra :
Nazwa wydawcy/dystrybutora Oficyna Wydawnicza Uniwersytetu Zielonogórskiego,
Data publikacji, dystrybucji/powstania dokumentu 2006.
300 ## - STREFA OPISU FIZYCZNEGO
Objętość 89, [2] s. :
Inne cechy fizyczne il. ;
Rozmiary 24 cm.
500 ## - UWAGI OGÓLNE
Tekst uwagi Streszcz. ang.
504 ## - UWAGA DOTYCZĄCA BIBLIOGRAFII
Informacje o bibliografii Bibliogr. s. 82-89.
650 #9 - HASŁO PRZEDMIOTOWE W FORMIE NAZWY OGÓLNEJ LUB JEDNOSTKOWEJ
Nazwa ogólna lub geograficzna Masy formierskie
Określnik ogólny badanie
-- metody
856 ## - LOKALIZACJA I DOSTĘP DO ELEKTRONICZNYCH DOKUMENTÓW ZDALNYCH
Link (URL) http://koha.tu.koszalin.pl/cgi-bin/koha/opac-detail.pl?biblionumber=53655
Tekst linku Katalog online BPK
942 ## - DODATKOWE ELEMENTY (KOHA)
Typ dokumentu Książka
Egzemplarze
Wycofany Status egzemplarza Uszkodzony Dostępność Lokalizacja stała Lokalizacja bieżąca Miejsce przechowywania Sygnatura Kod kreskowy Dział Typ dokumentu
      Tylko na miejscu Biblioteka Politechniki Koszalińskiej Biblioteka Politechniki Koszalińskiej Czytelnia BG 84435 02374932 621.7 Technologia mechaniczna w ogólności Książka
© 2023 Biblioteka Politechniki Koszalińskiej :: KOHA